Statistiken für Erkennen Sie das Land nach Bildern

Klicken Sie hier um das Quiz zu spielen!

Allgemein

  • Dieses Quiz wurde 232 mal gespielt
  • Das Durchschnittsergebnis liegt bei 13 aus 16

Antwortstatistiken

Antwort% Korrekt
Frankreich
99%
Australien
97%
Italien
96%
Vereinigtes Königreich
96%
Griechenland
94%
Russland
94%
China
92%
Niederlande
88%
Japan
85%
Spanien
84%
Mexiko
83%
Indien
81%
Belgien
76%
Brasilien
70%
Ukraine
42%
Österreich
33%

Verteilung der Resultate

Perzentil nach korrekt beantworteten Fragen

Anzahl Personen mit jedem Resultat

Ihre Resultats-Entwicklung

Sie haben dieses Quiz noch nicht gespielt